Sports Quiz

Random Sports or Football Quiz

Brownlow Medalists Quiz Stats

 Plays Quiz Updated Jul 7, 2016

Score 0/101 Timer 08:00
1 Play Today
Year Winner % Correct
2013Gary Ablett Jr.
83.4%
2015Nathan Fyfe
78.7%
2004Chris Judd
76.2%
2003Adam Goodes
75.1%
2006Adam Goodes
75.1%
2012Jobe Watson
73.4%
2011Dane Swan
71%
2014Matt Priddis
69.9%
2003Nathan Buckley
69.6%
2005Ben Cousins
68.1%
2008Adam Cooney
68%
2002Simon Black
67.3%
2007Jimmy Bartel
67%
1996James Hird
65%
1996Michael Voss
64%
1997Robert Harvey
60.9%
1998Robert Harvey
60.9%
2001Jason Akermanis
60.5%
1987Tony Lockett
58.7%
1986Greg Williams
56.8%
1994Greg Williams
56.8%
1926 Ivor Warne Smith
54.7%
1928Ivor Warne Smith
54.7%
1967Ross Smith
53.9%
1951Bernie Smith
53.8%
2000Shane Woewodin
53.7%
1999Shane Crawford
53.3%
2003Mark Ricciuto
52.4%
2009Gary Ablett Jr.
48.8%
1991Jim Stynes
47.1%
1993Gavin Wanganeen
46.8%
1959Bob Skilton
45.4%
1963Bob Skilton
45.4%
1968Bob Skilton
45.4%
Year Winner % Correct
2010Chris Judd
45.1%
1987John Platten
41.5%
1995Paul Kelly
40.8%
1925Colin Watson
40.7%
1990Tony Liberatore
40.6%
1992Scott Wynd
39%
1989Paul Couch
36.3%
1986Robert Dipierdomenico
34.8%
1965Ian Stewart
34%
1966Ian Stewart
34%
1971Ian Stewart
34%
1934Dick Reynolds
33.7%
1937Dick Reynolds
33.7%
1938Dick Reynolds
33.7%
1931Haydn Bunton
33%
1932Haydn Bunton
33%
1935Haydn Bunton
33%
1988Gerard Healy
32.8%
1979Peter Moore
30.3%
1984Peter Moore
30.3%
1978Malcolm Blight
29.2%
1924 Edward 'Carji' Greeves
28.9%
1985Brad Hardie
27.3%
1927 Syd Coventry
27.1%
1973Keith Greig
24.8%
1974Keith Greig
24.8%
1940Herbie Matthews
24.2%
1981Bernie Quinlan
24.2%
1982Brian Wilson
23.9%
1961John James
23.3%
1981Barry Round
22.6%
1972Len Thompson
21.8%
1980Kelvin Templeton
21%
1977Graham Teasdale
20.9%
Year Winner % Correct
1965Noel Teasdale
20.8%
1969Kevin Murray
20.5%
1983Ross Glendinning
20%
1975Gary Dempsey
18.5%
1976Graham Moss
18.3%
1929Albert Collier
16.8%
1930Harry Collier
16.7%
1952Bill Hutchison
15.8%
1953Bill Hutchison
15.8%
1958Neil Roberts
14.9%
1933Wilfred 'Chicken' Smallhorn
14.7%
1962Alistair Lord
14.7%
1970Peter Bedford
13.5%
1952Roy Wright
13.2%
1954Roy Wright
13.2%
1956Peter Box
12%
1930Stan Judkins
9.9%
1936Dinny Ryan
9.8%
1959Verdun Howell
9.8%
1930Allan Hopkins
9.8%
1946Don Cordner
9.7%
1960John Schultz
9.6%
1964Gordon Collis
9.6%
1955Fred Goldsmith
9.5%
1949Col Austen
9.1%
1947Bert Deacon
8.8%
1940Des Fothergill
8.7%
1948Bill Morris
8.6%
1941Norman Ware
8.3%
1949Ron Clegg
8%
1957Brian Gleeson
7.9%
1939Marcus Whelan
7.6%
1950Alan Ruthven
7.5%

You're not logged in!

Compare scores with friends on all Sporcle quizzes.
OR
Log In

Sporcle TV

Today on Sporcle TV


Watch our educational content, quiz creation guides, and fun videos on Sporcle TV.

Show Comments

Extras

Top Quizzes Today


Score Distribution

Your Account Isn't Verified!

In order to create a playlist on Sporcle, you need to verify the email address you used during registration. Go to your Sporcle Settings to finish the process.

Report this User

Report this user for behavior that violates our Community Guidelines.

Details: